| 000 | 00388nam a22001337a 4500 | ||
|---|---|---|---|
| 082 |
_a526.9054 _bSUR _cL-Tech, P-108 |
||
| 100 |
_aSurvey of India _939703 |
||
| 245 | _aSurvey of India general report | ||
| 260 |
_aCalcutta _bThe surveyor general of India _cc1939 |
||
| 300 |
_a83 p. : _bill. ; _c24 cm |
||
| 526 |
_a0 _b0 _c0 _d526_905400000000000_SUR |
||
| 650 |
_aMCE _9379 |
||
| 942 |
_2ddc _cBK |
||
| 999 |
_c544147 _d544147 |
||